Milpa Alta : (Record no. 107986)

MARC details
000 -CABECERA
campo de control de longitud fija 00797nam a2200193 a 4500
005 - FECHA Y HORA DE LA ÚLTIMA TRANSACCIÓN
campo de control 20230920064555.0
008 - ELEMENTOS DE LONGITUD FIJA--INFORMACIÓN GENERAL
campo de control de longitud fija 991125c2000 agu 000 0 spa u
020 ## - NÚMERO INTERNACIONAL NORMALIZADO PARA LIBROS
Número Internacional Estándar del Libro 9701328035
035 ## - NÚMERO DE CONTROL DEL SISTEMA
Número de control de sistema UPN01000135835
049 ## - COLECCIÓN
Colección C
050 #4 - SIGNATURA TOPOGRÁFICA DE LA BIBLIOTECA DEL CONGRESO
Número de clasificación HA770
Número de documento/Ítem no. 553
110 2# - ASIENTO PRINCIPAL--NOMBRE CORPORATIVO
Nombre de entidad corporativa o nombre de jurisdicción como elemento de entrada Instituto Nacional de Estadística, Geografía e Informática (México)
245 10 - MENCIÓN DE TÍTULO
Título Milpa Alta :
Resto del título Distrito Federal : cuaderno estadístico delegacional : edición 1999 /
Mención de responsabilidad, etc. Instituto Nacional de Estadística, Geografía e Informática.
260 ## - PUBLICACIÓN, DISTRIBUCIÓN, ETC.
Lugar de publicación, distribución, etc. Aguascalientes :
Nombre del editor, distribuidor, etc. INEGI :
-- Gobierno del Distrito Federal,
Fecha de publicación, distribución, etc. 2000.
300 ## - DESCRIPCIÓN FÍSICA
Extensión xiii, 153 p. :
Otras características físicas gráfs., mapas, cuadros.
651 #4 - ASIENTO SECUNDARIO DE MATERIA - NOMBRE GEOGRAFICO
Nombre geográfico MILPA ALTA, D.F. -
Subdivisión general POBLACION -
Subdivisión de forma ESTADISTICA
651 #4 - ASIENTO SECUNDARIO DE MATERIA - NOMBRE GEOGRAFICO
Nombre geográfico Distrito Federal (México)
Subdivisión general Población
Subdivisión de forma Estadística
9 (RLIN) 13309
905 ## - TIPO DE MATERIAL
Tipo de material Libro
Holdings
Estado de retiro Estado de pérdida Fuente del sistema de clasificación o colocación Estado dañado No para préstamo Código de colección Localización permanente Ubicación/localización actual Ubicación en estantería Total de préstamos Clasificación Código de barras Fecha visto por última vez Número de copia Tipo de ítem Koha
    Library of Congress Classification   Consulta Consulta Bib. Gregorio Torres Quintero Bib. Gregorio Torres Quintero Sala de lectura Sótano   HA770 no. 553 171260 31/12/2020 1 Libro